01138 a2200217 4500003000500000005001700005010001600022020001500038035002100053040000900074082001700083100002400100245009600124250001200220260005500232300003500287505051400322650003500836700001800871700003100889Nust20221214104853.0 a 98050398 a0137549202 a(DLC) 98050398 cNust00a621.3822,OPP1 aOppenheim, Alan V.,10aDiscrete-time signal processing /cAlan V. Oppenheim, Ronald W. Schafer, with John R. Buck. a2nd ed. aUpper Saddle River, N.J. :bPrentice Hall,cc1999. axxvi, 870 p. :bill. ;c25 cm. aIntroduction (Page-1), Discrete-Time Signals and Systems (Page-8), The z-Transform (Page-94), Sampling of Continuous-Time Signals (Page-140), Transform Analysis of Linear Time-Invariant Systems (Page-240), Structures for Discrete-Time Systems (Page-340), Filter Design Techniques (Page-439), The Discrete Fourier Transform (Page-541), Computation of the Discrete Fourier Transform (Page-629), Fourier Analysis of Signals Using the Discrete Fourier Transform (Page-693), Discrete Hilbert Transforms (Page-775). 0aTelecommunication Engineering.1 aBuck, John R.1 aSchafer, Ronald W.,d1938-